Unscramble WWE Wrestlers - Random - Statistics

General Stats
  • This quiz has been taken 71 times
  • The average score is 4 of 20
Answer Stats
Answer % Correct
Kane
100%
Randy Orton
100%
Samoa Joe
100%
Tazz
86%
Rhyno
80%
Booker T
75%
Kamala
75%
MVP
75%
JBL
73%
Goldberg
71%
Batista
70%
Bayley
67%
Bray Wyatt
67%
Raven
67%
R-Truth
67%
The Miz
67%
Umaga
67%
AJ Lee
60%
Paige
60%
Ric Flair
57%
A.J. Styles
56%
John Cena
56%
Sabu
56%
X Pac
56%
Yokozuna
55%
Asuka
50%
Bret Hart
50%
Cesaro
50%
Hulk Hogan
50%
Jimmy Uso
50%
Lita
50%
Mr. Kennedy
50%
Rob Van Dam
50%
Tajiri
50%
Vader
50%
Otis
43%
Scotty 2 Hotty
43%
Ashley
40%
Braun Strowman
40%
Chyna
40%
Diesel
40%
Io Sky
40%
Test
40%
Lex Luger
38%
Naomi
38%
Natalya
38%
Sycho Sid
38%
Big Show
33%
Chris Jericho
33%
CM Punk
33%
Cody Rhodes
33%
Drew McIntyre
33%
Jerry Lawler
33%
Jey Uso
33%
Maxxine Dupri
33%
Mick Foley
33%
Razor Ramon
33%
Sami Zayn
33%
Tatanka
33%
Zack Ryder
33%
Finn Balor
30%
Big E
29%
Brock Lesnar
29%
Carlito
29%
Hornswoggle
29%
John Morrison
29%
Ted DiBiase
29%
Alicia Fox
25%
Baron Corbin
25%
Carmella
25%
Torrie Wilson
25%
D'Lo Brown
25%
Gunther
25%
Jeff Jarrett
25%
Kelly Kelly
25%
Rusev
25%
Eddie Guerrero
22%
Bob Orton
20%
Christian
20%
Dolph Ziggler
20%
Johnny Gargano
20%
Kofi Kingston
20%
Finlay
18%
Jade Cargill
17%
Melina
17%
Rhea Ripley
17%
Sasha Banks
17%
Big Boss Man
14%
Bron Breakker
14%
Charlie Haas
14%
Goldust
14%
Ivan Koloff
14%
Jeff Hardy
14%
Logan Paul
14%
Sheamus
14%
Vince McMahon
14%
Kaitlyn
13%
Roddy Piper
13%
Terry Funk
13%
Shelton Benjamin
11%
Doink the Clown
9%
Gail Kim
9%
The Boogeyman
7%
Adam Cole
0%
Adrian Neville
0%
Akira Tozawa
0%
André the Giant
0%
Arn Anderson
0%
Bam Bam Bigelow
0%
Becky Lynch
0%
Big John Studd
0%
Billy Gunn
0%
Bob Backlund
0%
Bobby Heenan
0%
Bobby Lashley
0%
Bobby Roode
0%
Bo Dallas
0%
Brie Bella
0%
Bruno Sammartino
0%
Bubba Dudley
0%
Carmelo Hayes
0%
Chad Gable
0%
Charlotte Flair
0%
Chavo Guerrero
0%
Dakota Kai
0%
Daniel Bryan
0%
Dean Ambrose
0%
Dean Malenko
0%
Diamond Dallas Page
0%
Damian Priest
0%
Rick Rude
0%
Dominik Mysterio
0%
Dusty Rhodes
0%
D-Von Dudley
0%
Gerald Brisco
0%
Gorilla Monsoon
0%
Haku
0%
Hardcore Holly
0%
Harley Race
0%
Jimmy Snuka
0%
Jim The Anvil Neidhart
0%
Kairi Sane
0%
Ken Shamrock
0%
Kevin Owens
0%
King Kong Bundy
0%
Kurt Angle
0%
LA Knight
0%
Lance Storm
0%
Larry Zbyszko
0%
Liv Morgan
0%
Lou Thesz
0%
Macho Man Randy Savage
0%
Mae Young
0%
Mark Henry
0%
Mickie James
0%
Miss Elizabeth
0%
Molly Holly
0%
Mr. Perfect
0%
Nikki Bella
0%
Owen Hart
0%
Pat Patterson
0%
Pedro Morales
0%
Peter Maivia
0%
Rey Misterio
0%
Rick Rude
0%
Rick Steiner
0%
Ricky Steamboat
0%
Rocky Johnson
0%
Roman Reigns
0%
Ron Simmons
0%
Scott Steiner
0%
Seth Rollins
0%
Sgt. Slaughter
0%
Shane McMahon
0%
Shayna Baszler
0%
Sherri Martel
0%
Shinsuke Nakamura
0%
Stacy Keibler
0%
Stan Stasiak
0%
Steve Blackman
0%
Stone Cold Steve Austin
0%
The British Bulldog
0%
The Fabulous Moolah
0%
The Honky Tonk Man
0%
The Hurricane
0%
The Iron Sheik
0%
The Rock
0%
The Sandman
0%
The Ultimate Warrior
0%
The Undertaker
0%
Tiffany Stratton
0%
Tommaso Ciampa
0%
Tommy Dreamer
0%
Triple H
0%
Trish Stratus
0%
Val Venis
0%
Wendi Richter
0%
William Regal
0%
Xavier Woods
0%
Zelina Vega
0%
No matching quizzes found
Score Distribution
Percent of People with Each Score
Percentile by Number Answered
Your Score History
You have not taken this quiz